Nonexistence of global solutions for a degenerate parabolic inequality /
Spremljeno u:
| Glavni autor: | |
|---|---|
| Format: | Članak |
| Jezik: | English |
| Teme: | |
| Oznake: |
Dodaj oznaku
Bez oznaka, Budi prvi tko označuje ovaj zapis!
|
| Thư viện lưu trữ: | Thư viện Trường Đại học Đà Lạt |
|---|
| LEADER | 00783nam a2200253 4500 | ||
|---|---|---|---|
| 001 | DLU090093356 | ||
| 005 | ##20091201 | ||
| 040 | # | # | |a DLU |b eng |
| 041 | # | # | |a eng |
| 044 | # | # | |a jp |
| 100 | # | # | |a Guedda, Mohammed. |
| 245 | # | # | |a Nonexistence of global solutions for a degenerate parabolic inequality / |c Mohammed Guedda. |
| 653 | # | # | |a Degenerate parabolic inequality |
| 653 | # | # | |a Global solution |
| 773 | # | # | |t Advances in Mathematical Sciences and Applications |g Vol. 11, no. 1 (2001), p. 323-331 |
| 920 | # | # | |a Phòng Tạp chí -- Trung tâm Thông tin - Thư viện Trường Đại học Đà Lạt |
| 994 | # | # | |a DLU |
| 900 | # | # | |a True |
| 911 | # | # | |a Trương Bảo Trâm Anh |
| 925 | # | # | |a G |
| 926 | # | # | |a A |
| 927 | # | # | |a BB |
| 980 | # | # | |a Thư viện Trường Đại học Đà Lạt |